Cell Organelles - Statistics

General Stats
  • This quiz has been taken 315 times
  • The average score is 9 of 15
Answer Stats
Hint Answer % Correct
This structure acts as the control center of the cell. Nucleus
96%
Organelle found in nearly every eukaryotic cell which preforms cellular respiration Mitochondria
78%
Molecular machine which builds proteins from RNA instructions Ribosome
77%
Structure encompassing plant and some prokaryotic cells; not found in animal cells Cell Wall
68%
Organelle only found in plant cells and other photosynthetic organisms; the site of photosynthesis Chloroplast
68%
Structure that stores liquids, macromolecules, etc. (plants have a large one) Vacuole
68%
Phospholipid bilayer which encompasses the cell Cell Membrane
65%
Dense spherical structure within above; site of ribosome synthesis Nucleolus
64%
Organelle which contains enzymes that break down unneeded materials and organelles Lysosome
63%
First part of major organelle; contains ribosomes (hence its name) Rough Endoplasmic Reticulum
60%
Second part of major organelle; does not contain ribosomes and is the site of lipid synthesis Smooth Endoplasmic Reticulum
60%
Organelle that receives proteins / lipids and modifies, packages, and sends them to their needed locations Golgi Body
42%
Membrane-enclosed structure which transports materials across the cell Vesicle
37%
Organelle that plays a major role during mitosis, the division of the cell Centriole
33%
Watery fluid in which cell structures are suspended in Cytosol
29%
No matching quizzes found
Score Distribution
Percent of People with Each Score
Percentile by Number Answered
Your Score History
You have not taken this quiz